Catalog

Record Details

Catalog Search



Death of a green-eyed monster  Cover Image Book Book

Death of a green-eyed monster / M.C. Beaton with R. W. Green.

Summary:

Sergeant Hamish Macbeth , Scotland's most quick-witted but unambitious policeman is back and may have finally met the woman of his dreams.Hamish's new constable, Dorothy McIver, may be the most beautiful woman he's ever seen. Completely bewitched by her sparkling blue eyes, Hamish spends the summer traveling with her up and down Sutherland until finally, he can take it no longer. He gets down on one knee beside the Land Rover and begs her to marry him—and to his amazement and delight, she says yes. But just as the town of Lochdubh gets ready to celebrate, Hamish finds himself with a new murder on his hands. If he doesn't find the killer fast, Hamish's dream wedding could become a nightmare.

Record details

  • ISBN: 9781538746707
  • ISBN: 1538746700
  • Edition: First U.S. edition.
  • Publisher: New York : Grand Central Publishing, 2022.
Subject: Macbeth, Hamish (Fictitious character) > Fiction.
Police > Scotland > Highlands > Fiction.
Murder > Investigation > Fiction.
Highlands (Scotland) > Fiction.
Genre: Detective and mystery fiction.
Cozy mysteries.
Novels.

Available copies

  • 1 of 1 copy available at scottsboropl.

Holds

  • 0 current holds with 1 total copy.
Show Only Available Copies
Location Call Number / Copy Notes Barcode Shelving Location Status Due Date
scottsboropl F Bea 32269001183790 Adult - Fiction Available -

LDR 02726cam a2200517Ii 4500
001157570
003SBPL
00520220217170424.0
008220128t20222022nyu 000 1 eng d
010 . ‡a 2021947512
020 . ‡a9781538746707 ‡q(hardcover)
020 . ‡a1538746700 ‡q(hardcover)
035 . ‡a(OCoLC)1293922058 ‡z(OCoLC)1191210857 ‡z(OCoLC)1191240711
050 4. ‡aPR6053.H453 ‡bD347 2022
08204. ‡a823/.914 ‡223/eng/20211229
1001 . ‡aBeaton, M. C.,: ‡eauthor.
24510. ‡aDeath of a green-eyed monster / ‡cM.C. Beaton with R. W. Green.
250 . ‡aFirst U.S. edition.
264 1. ‡aNew York : ‡bGrand Central Publishing, ‡c2022.
520 . ‡aSergeant Hamish Macbeth , Scotland's most quick-witted but unambitious policeman is back and may have finally met the woman of his dreams.Hamish's new constable, Dorothy McIver, may be the most beautiful woman he's ever seen. Completely bewitched by her sparkling blue eyes, Hamish spends the summer traveling with her up and down Sutherland until finally, he can take it no longer. He gets down on one knee beside the Land Rover and begs her to marry him—and to his amazement and delight, she says yes. But just as the town of Lochdubh gets ready to celebrate, Hamish finds himself with a new murder on his hands. If he doesn't find the killer fast, Hamish's dream wedding could become a nightmare.
60010. ‡aMacbeth, Hamish ‡c(Fictitious character) ‡vFiction.
650 0. ‡aPolice ‡zScotland ‡zHighlands ‡vFiction.
650 0. ‡aMurder ‡xInvestigation ‡vFiction.
651 0. ‡aHighlands (Scotland) ‡vFiction.
655 7. ‡aDetective and mystery fiction. ‡2lcgft
655 7. ‡aCozy mysteries. ‡2lcgft
655 7. ‡aNovels. ‡2lcgft
7001 . ‡aGreen, R. W. ‡c(Novelist),: ‡eauthor.
8301 . ‡aBeaton, M. C. ‡tHamish Macbeth mysteries ; ‡vBk 34.
901 . ‡a157570 ‡b ‡c157570 ‡tbiblio

Additional Resources